000 00726cam a22002414a 4500
008
020 _a9781412919210 (pbk.)
049 _aMAIN
050 0 0 _aGN345
_bGOB
100 1 _aGobo, Giampietro.
245 1 0 _aDoing ethnography /
_cGiampietro Gobo ; translated by Adrian Belton.
260 _aLos Angeles :
_bSAGE,
_c2008.
300 _axvi, 355 p. :
_bill. ;
_c25 cm.
504 _aIncludes bibliographical references.
500 _aIncludes Index.
650 0 _aEthnology
_xResearch
_xMethodology.
650 0 _aEthnology
_vProblems, exercises, etc.
907 _a.b10267359
_b08-10-09
_c29-09-09
003
005 20230123124949.0
040 _cNUST
942 _cBOOKS
999 _c133345
_d133345